| 000 | 00724cab a2200193 4500 | ||
|---|---|---|---|
| 001 | ABS40589 | ||
| 008 | 090401t1989 xxu||||| |||| 00| 0 eng d | ||
| 035 | _a(Sirsi) u24887 | ||
| 041 | _aeng | ||
| 100 | _aWilliams, P. | ||
| 245 | _aKeeping a record | ||
| 260 | _c1989 | ||
| 350 | _a0 | ||
| 490 |
_aChartered Quantity Surveyor _v11(8) April 1989, 12-13(2) |
||
| 520 | _aDiscusses the concept of building log books to record not only ownership of premises but also the repairs and maintenance they are subject to, location of major services and work carried out and be subject to an audit on transfer of ownership. | ||
| 690 | _aBUILDING AND CONSTRUCTION-REPAIRS AND MAINTENANCE | ||
| 942 | _n0 | ||
| 948 | _c04/03/1997 | ||
| 999 |
_c16693 _d16693 |
||